Biblioteca

Salmo 2 (Registro nro. 64053)

Detalles MARC
000 -LÍDER
Campo fijo de descripción fija 01396nab a22002417a 4500
001 - NÚMERO DE CONTROL
Campo de control 768714001
003 - IDENTIFICADOR DEL NÚMERO DE CONTROL
Campo de control CO-MdFUSB
005 - FECHA Y HORA DE LA ULTIMA TRANSACCIÓN
control field 20230111165728.0
008 - ELEMENTOS DE LONGITUD FIJA -- INFORMACIÓN GENERAL
Campo fijo de descripción fija -- Información general 171003s2013 gt ||||| |||| 00| 0 spa d
022 ## - NÚMERO INTERNACIONAL NORMALIZADO PARA PUBLICACIONES SERIADAS
Número Internacional Normalizado para Publicaciones Seriadas 1014-9341
040 ## - FUENTE DE CATALOGACIÓN
Agencia Catalogadora CO-MdFUSB
Idioma de catalogación spa
Agencia que realiza la transcripción CO-MdFUSB
Agencia que realiza la modificación CO-MdFUSB
041 ## - CÓDIGO DE IDIOMA
Código de idioma para texto/pista de sonido o título separado spa
100 ## - ASIENTO PRINCIPAL--NOMBRE PERSONAL
Nombre personal Wheeler, Michael W.
Término relacionador autor
245 1# - TÍTULO
Título Salmo 2
Subtitulo : de salmo real a salmo mesiánico
Mención de responsabilidad / Michael W. Wheeler
300 ## - DESCRIPCIÓN FÍSICA
Extensión Número 52 (Enero - Junio, 2013), páginas 59-75
Dimensiones ; 22 cm
520 1# - NOTA DE RESUMEN, ETC.
Nota de sumario, etc. El Salmo 2 es importante en el libro de Salmos y en el Nuevo Testamento. Es un salmo real. Hay cuatro posturas generales sobre su trasfondo y propósito: (1) refleja una situación histórica específica de un rey israelita o judaíta, (2) se compuso con un propósito cultual o militar (para la entronización de un nuevo rey, la conmemoración anual de la entronización del rey, o un pronunciamiento previo al combate), (3) habla del Mesías, y (4) habla de un rey contemporáneo para anticipar a un rey futuro. El Sal 2 establece desde el principio del Salterio la importancia del rey y el pacto davídicos, y ayuda a proyectar una comprensión escatológica de ellos.
650 #7 - ASIENTO SECUNDARIO DE MATERIA - TERMINO TEMÁTICO
9 (RLIN) 418
Término temático o nombre geográfico como elemento de entrada Hermenéutica
653 ## - TÉRMINO DE INDIZACIÓN - NO CONTROLADO
Término no controlado Salmo
653 ## - TÉRMINO DE INDIZACIÓN - NO CONTROLADO
Término no controlado Ungido
653 ## - TÉRMINO DE INDIZACIÓN - NO CONTROLADO
Término no controlado Mesías
773 ## - ASIENTO DE ITEM FUENTE
Biblionumber 49489
Itemnumber 76152
Parte(s) relacionada(s) / Volumen., número. (mes año), páginas Número 52 (Enero - Junio, 2013), páginas 59-75
Enumeración y primera página Páginas 59
Título Kairós
942 ## - TIPO DE MATERIAL (KOHA)
Tipo de Item KOHA Artículos de Revista

No hay ítems disponibles.

Biblioteca FUSBC | Teléfono: (57+4) 349 88 10 Ext. 141| WhatsApp (+57) 3005338115 
E-mail: biblioteca@unisbc.edu.co | Calle 76 87-14 Robledo Palenque, Medellín, Colombia

Con tecnología Koha